Tradisi, pemerintahan Islam & kolonialisme dalam sejarah alam Melayu

Bibliographic Details
Main Author: Auni Haji Abdullah
Format: Book
Published: Kuala Lumpur : Darul Fikir Sdn Bhd , 2005
Subjects:

MARC

LEADER 00000cam a2200000 7i4500
001 0000093644
005 20060118.0
020 |a 9831312449 
090 0 0 |a 297.272   |b AUN 
100 0 |a Auni Haji Abdullah 
245 1 0 |a Tradisi, pemerintahan Islam & kolonialisme dalam sejarah alam Melayu   |c Auni Haji Abdullah 
260 |a Kuala Lumpur :   |b Darul Fikir Sdn Bhd ,   |c 2005 
300 |a 162 p. ;   |c 22.5 cm. 
650 0 0 |a Islam and politics 
650 0 0 |a Islam and state   |x History 
999 |a 00185498   |b BUKU   |c PINJAMAN   |e PERPUSTAKAAN KOMUNITI PETALING JAYA